| 000 | 00623nam a2200217 a 4500 | ||
|---|---|---|---|
| 001 | 44621 | ||
| 003 | BD-RjUL | ||
| 005 | 20211209053906.0 | ||
| 008 | 160718r19701969nyu||||| |||| 001 0 eng d | ||
| 035 | _a(BD-RjUL)44739 | ||
| 040 |
_aBD-RjUL _beng _cBD-RjUL |
||
| 041 | _aeng | ||
| 082 |
_223 _a301.072 _bSTM 1970 |
||
| 100 | 1 |
_aStacey, Margaret _9136882 |
|
| 245 | 1 | 0 |
_aMethods of social research / _cMargaret Stacey |
| 260 |
_aNew York : _bPergamon press, _cc1969 [reprinted 1970] |
||
| 300 |
_a173 p ; _c18 cm. |
||
| 504 | _aInclude index and bibliography | ||
| 650 |
_aSociology _vResearch _9136883 |
||
| 942 |
_2ddc _cBK |
||
| 999 |
_c44621 _d44621 |
||